<?xml version="1.0" encoding="UTF-8"?>
<record
    xmlns:xsi="http://www.w3.org/2001/XMLSchema-instance"
    xsi:schemaLocation="http://www.loc.gov/MARC21/slim http://www.loc.gov/standards/marcxml/schema/MARC21slim.xsd"
    xmlns="http://www.loc.gov/MARC21/slim">

  <leader>00526nam a22002057a 4500</leader>
  <controlfield tag="003">OSt</controlfield>
  <controlfield tag="005">20260417103921.0</controlfield>
  <controlfield tag="008">260417b        |||||||| |||| 00| 0 eng d</controlfield>
  <datafield tag="020" ind1=" " ind2=" ">
    <subfield code="a">9789354977909</subfield>
  </datafield>
  <datafield tag="082" ind1=" " ind2=" ">
    <subfield code="a">641.1</subfield>
    <subfield code="b">R61F</subfield>
  </datafield>
  <datafield tag="100" ind1=" " ind2=" ">
    <subfield code="a">Roday, Sunetra</subfield>
  </datafield>
  <datafield tag="245" ind1=" " ind2=" ">
    <subfield code="a">Food science and nutrition</subfield>
    <subfield code="c">by Sunetra Roday</subfield>
  </datafield>
  <datafield tag="250" ind1=" " ind2=" ">
    <subfield code="a">4th ed. </subfield>
  </datafield>
  <datafield tag="260" ind1=" " ind2=" ">
    <subfield code="a">New delhi</subfield>
    <subfield code="b">Oxford university press </subfield>
    <subfield code="c">2024</subfield>
  </datafield>
  <datafield tag="300" ind1=" " ind2=" ">
    <subfield code="a">xxi, 448p.</subfield>
    <subfield code="b">PB</subfield>
  </datafield>
  <datafield tag="653" ind1=" " ind2=" ">
    <subfield code="a">Nutrition</subfield>
  </datafield>
  <datafield tag="653" ind1=" " ind2=" ">
    <subfield code="a">Food composition</subfield>
  </datafield>
  <datafield tag="653" ind1=" " ind2=" ">
    <subfield code="a">Dietetics</subfield>
  </datafield>
  <datafield tag="942" ind1=" " ind2=" ">
    <subfield code="2">ddc</subfield>
    <subfield code="c">BK</subfield>
  </datafield>
  <datafield tag="999" ind1=" " ind2=" ">
    <subfield code="c">29386</subfield>
    <subfield code="d">29386</subfield>
  </datafield>
  <datafield tag="952" ind1=" " ind2=" ">
    <subfield code="0">0</subfield>
    <subfield code="1">0</subfield>
    <subfield code="2">ddc</subfield>
    <subfield code="4">0</subfield>
    <subfield code="7">0</subfield>
    <subfield code="8">TXB</subfield>
    <subfield code="a">CURAJ</subfield>
    <subfield code="b">CURAJ</subfield>
    <subfield code="c">HM</subfield>
    <subfield code="d">2026-04-17</subfield>
    <subfield code="g">715.00</subfield>
    <subfield code="l">1</subfield>
    <subfield code="o">641.1 R61F</subfield>
    <subfield code="p">048167</subfield>
    <subfield code="q">2026-07-24</subfield>
    <subfield code="r">2026-06-24</subfield>
    <subfield code="s">2026-06-24</subfield>
    <subfield code="w">2026-04-17</subfield>
    <subfield code="y">BK</subfield>
  </datafield>
  <datafield tag="952" ind1=" " ind2=" ">
    <subfield code="0">0</subfield>
    <subfield code="1">0</subfield>
    <subfield code="2">ddc</subfield>
    <subfield code="4">0</subfield>
    <subfield code="7">0</subfield>
    <subfield code="8">TXB</subfield>
    <subfield code="a">CURAJ</subfield>
    <subfield code="b">CURAJ</subfield>
    <subfield code="c">HM</subfield>
    <subfield code="d">2026-04-17</subfield>
    <subfield code="g">715.00</subfield>
    <subfield code="l">0</subfield>
    <subfield code="o">641.1 R61F</subfield>
    <subfield code="p">048168</subfield>
    <subfield code="r">2026-04-17</subfield>
    <subfield code="w">2026-04-17</subfield>
    <subfield code="y">BK</subfield>
  </datafield>
  <datafield tag="952" ind1=" " ind2=" ">
    <subfield code="0">0</subfield>
    <subfield code="1">0</subfield>
    <subfield code="2">ddc</subfield>
    <subfield code="4">0</subfield>
    <subfield code="7">0</subfield>
    <subfield code="8">TXB</subfield>
    <subfield code="a">CURAJ</subfield>
    <subfield code="b">CURAJ</subfield>
    <subfield code="c">HM</subfield>
    <subfield code="d">2026-04-17</subfield>
    <subfield code="g">715.00</subfield>
    <subfield code="l">0</subfield>
    <subfield code="o">641.1 R61F</subfield>
    <subfield code="p">048169</subfield>
    <subfield code="r">2026-04-17</subfield>
    <subfield code="w">2026-04-17</subfield>
    <subfield code="y">BK</subfield>
  </datafield>
</record>
